PL/SQL Oracle. t.I
Na minha lista:
| Autor principal: | |
|---|---|
| Outros Autores: | , |
| Formato: | CD |
| Idioma: | Vietnamese |
| Publicado em: |
H. :
Thống kê,
2006.
|
| Tags: |
Adicionar Tag
Sem tags, seja o primeiro a adicionar uma tag!
|
| Thư viện lưu trữ: | Thư viện Trường Đại học Đà Lạt |
|---|
| LEADER | 00773nam a2200301 4500 | ||
|---|---|---|---|
| 001 | DLU110122010 | ||
| 005 | ##20110526 | ||
| 040 | # | # | |a DLU |b vie |
| 041 | # | # | |a vie |
| 044 | # | # | |a vn |
| 082 | # | # | |a 005.756 5 |b NG-M |
| 100 | # | # | |a Nguyễn Ngọc Minh. |
| 245 | # | # | |a PL/SQL Oracle. |n t.I |h [Đĩa CD-ROM] / |c Nguyễn Ngọc Minh, Hoàng Đức Hải, Đoàn Thiện Ngân. |
| 256 | # | # | |a 4 3/4 in. |
| 260 | # | # | |a H. : |b Thống kê, |c 2006. |
| 300 | # | # | |a 1 đĩa CD-ROM ; |c 4 3/4 in. |
| 700 | # | # | |a Đoàn Thiện Ngân. |
| 700 | # | # | |a Hoàng Đức Hải. |
| 923 | # | # | |a 01/2011TN |
| 992 | # | # | |a 0 |
| 994 | # | # | |a KTN |
| 900 | # | # | |a True |
| 911 | # | # | |a Nguyễn Thanh Hương |
| 925 | # | # | |a CD |
| 926 | # | # | |a A |
| 927 | # | # | |a CD |
| 980 | # | # | |a Thư viện Trường Đại học Đà Lạt |